Czech Republic OECD economic surveys 2002-2003

Salvato in:
Dettagli Bibliografici
Natura: Libro
Lingua:inglese
Pubblicazione: Paris OECD 2003
Serie:Economics
Soggetti:
Tags: Aggiungi Tag
Nessun Tag, puoi essere il primo ad aggiungerne!!

MARC

LEADER 00000nam$a2200000$$$4500
001 0000026
005 20240315120516.0
020 |a 92-64-10044-X 
022 |a 0376-6438 
041 0 |a eng 
044 |a FR 
245 1 0 |a Czech Republic  |b OECD economic surveys 2002-2003 
264 1 |a Paris  |b OECD  |c 2003 
300 |a 182 s. 
490 1 |a Economics 
830 0 |a Economics 
610 2 0 |a situácia hospodárska 
610 2 0 |a Česko 
610 2 0 |a rozvoj hospodársky 
610 2 0 |a politika menová 
610 2 0 |a politika fiškálna 
610 2 0 |a zdravotníctvo 
610 2 0 |a politika štruktúrna 
610 2 0 |a trh 
610 2 0 |a trh finančný 
610 2 0 |a trh práce 
610 2 0 |a sektor verejný 
610 2 0 |a OECD